<?xml version="1.0" encoding="UTF-8"?>
<record
    xmlns:xsi="http://www.w3.org/2001/XMLSchema-instance"
    xsi:schemaLocation="http://www.loc.gov/MARC21/slim http://www.loc.gov/standards/marcxml/schema/MARC21slim.xsd"
    xmlns="http://www.loc.gov/MARC21/slim">

  <leader>01377nam a2200253 i 4500</leader>
  <controlfield tag="001">73356</controlfield>
  <controlfield tag="003">ES-MaACL</controlfield>
  <controlfield tag="005">20250814065126.0</controlfield>
  <controlfield tag="007">t|</controlfield>
  <controlfield tag="008">041001m19541955sp           ||||1| spa d</controlfield>
  <datafield tag="245" ind1="0" ind2="3">
    <subfield code="a">La tierra y la econom&#xED;a mundial : </subfield>
    <subfield code="b">tratado general de geograf&#xED;a econ&#xF3;mica / </subfield>
    <subfield code="c">publicado bajo la direcci&#xF3;n del Dr. Rudolf L&#xFC;tgens.</subfield>
  </datafield>
  <datafield tag="260" ind1=" " ind2=" ">
    <subfield code="a">Barcelona : </subfield>
    <subfield code="b">Omega, </subfield>
    <subfield code="c">1954-1955 (</subfield>
    <subfield code="f">Agust&#xED;n N&#xFA;&#xF1;ez)</subfield>
  </datafield>
  <datafield tag="300" ind1=" " ind2=" ">
    <subfield code="a">4 v. ; </subfield>
    <subfield code="c">25 cm.</subfield>
  </datafield>
  <datafield tag="505" ind1="8" ind2=" ">
    <subfield code="a">Contiene: I. Los fundamentos geogr&#xE1;ficos y los problemas de la vida econ&#xF3;mica / Rudolf L&#xFC;tgens ; traducci&#xF3;n por Claudio Matons Rossi (V, 312 p., 1 l&#xE1;m. pleg.) - II. Los espacios productivos de la econom&#xED;a mundial / Rudolf L&#xFC;tgens ; traducci&#xF3;n por Manuel Scholz (VII, 302 p.) - III. Geograf&#xED;a general agraria e industrial / Erich Otremba ; traducci&#xF3;n por Federico Armenter y Manuel Scholz ( XII, 420 p.) - V. El hombre economizante como estructurador de la tierra / Edwin Fels ; traducci&#xF3;n por Manuel Scholz (VII, 310 p., 11 l&#xE1;m.)</subfield>
  </datafield>
  <datafield tag="650" ind1="1" ind2="7">
    <subfield code="a">Geograf&#xED;a econ&#xF3;mica</subfield>
    <subfield code="2">embne</subfield>
    <subfield code="9">13077</subfield>
  </datafield>
  <datafield tag="700" ind1="1" ind2=" ">
    <subfield code="a">Luetgens, Rudolf.</subfield>
    <subfield code="9">74644</subfield>
  </datafield>
  <datafield tag="700" ind1="1" ind2=" ">
    <subfield code="a">Matons Rossi, Claudio.</subfield>
    <subfield code="9">79092</subfield>
  </datafield>
  <datafield tag="700" ind1="1" ind2=" ">
    <subfield code="a">Scholz, Manuel.</subfield>
    <subfield code="9">104641</subfield>
  </datafield>
  <datafield tag="700" ind1="1" ind2=" ">
    <subfield code="a">Otremba, Erich.</subfield>
    <subfield code="9">87936</subfield>
  </datafield>
  <datafield tag="700" ind1="1" ind2=" ">
    <subfield code="a">Armenter de Monasterio, Federico.</subfield>
    <subfield code="9">22956</subfield>
  </datafield>
  <datafield tag="700" ind1="1" ind2=" ">
    <subfield code="a">Fels, Edwin.</subfield>
    <subfield code="9">49230</subfield>
  </datafield>
  <datafield tag="852" ind1=" " ind2=" ">
    <subfield code="a">ES-MaACL</subfield>
    <subfield code="j">P-682</subfield>
  </datafield>
  <datafield tag="999" ind1=" " ind2=" ">
    <subfield code="c">73356</subfield>
    <subfield code="d">73356</subfield>
  </datafield>
  <datafield tag="952" ind1=" " ind2=" ">
    <subfield code="0">0</subfield>
    <subfield code="1">0</subfield>
    <subfield code="4">0</subfield>
    <subfield code="7">0</subfield>
    <subfield code="a">ATENEOM</subfield>
    <subfield code="b">ATENEOM</subfield>
    <subfield code="c">DEPO2</subfield>
    <subfield code="d">2008-01-17</subfield>
    <subfield code="e">SC</subfield>
    <subfield code="l">0</subfield>
    <subfield code="o">P-682</subfield>
    <subfield code="p">1076787</subfield>
    <subfield code="r">2023-02-23 00:00:00</subfield>
    <subfield code="w">2023-02-23</subfield>
    <subfield code="y">MONOGRAFIA</subfield>
  </datafield>
</record>
